How many cities can you name in Nevada? - Statistics

General Stats
  • This quiz has been taken 297 times
  • The average score is 31 of 133
Answer Stats
County Population Answer % Correct
Clark 641,903 Las Vegas
97%
Carson CIty 58,639 Carson City
96%
Washoe 264,165 Reno
87%
Clark 317,610 Henderson
86%
Clark 262,527 North Las Vegas
84%
Elko 20,564 Elko
81%
Washoe 108,445 Sparks
66%
Clark 191,238 Paradise
61%
Humboldt 8,431 Winnemucca
57%
Clark 14,885 Boulder City
56%
White Pine 3,924 Ely
56%
Nye 44,738 Pahrump
53%
Churchill 9,327 Fallon
46%
Clark 221,831 Enterprise
44%
Eureka 414 Eureka
44%
Lyon 22,895 Fernley
42%
Clark 20,471 Mesquite
42%
Storey 787 Virginia City
41%
Elko 4,512 West Wendover
40%
Lander 3,705 Battle Mountain
39%
Nye 2,179 Tonopah
37%
Clark 8,658 Laughlin
35%
Clark 219,957 Spring Valley
35%
Lander 167 Austin
33%
Pershing 1,805 Lovelock
33%
Elko 855 Jackpot
32%
Clark 205,618 Sunrise Manor
32%
Elko 1,237 Wells
31%
Elko 2,050 Carlin
28%
Esmerelda 225 Goldfield
27%
Clark 445 Searchlight
27%
Clark 49,061 Whitney
27%
Nye 880 Beatty
26%
Lincoln 990 Caliente
26%
Douglas 6,211 Gardnerville
26%
Clark 36,403 Winchester
26%
Lyon 15,153 Dayton
25%
Clark 1,006 Moapa
25%
Washoe 17,314 Spanish Springs
25%
Clark 30,744 Summerlin South
25%
Lyon 3,121 Yerington
25%
Mineral 3,118 Hawthorne
24%
Clark 912 Indian Springs
23%
Douglas 3,442 Minden
23%
Lincoln 933 Pioche
23%
Clark 144 Cal-Nev-Ari
22%
Washoe 21,178 Sun Valley
22%
Clark 268 Blue Diamond
21%
Douglas 11,318 Gardnerville Ranchos
21%
Lyon 5,629 Silver Springs
21%
Douglas 595 Stateline
21%
Churchill 281 Fallon Station
19%
Clark 6,289 Moapa Valley
19%
Clark 4,379 Nellis AFB
19%
Storey 155 Silver City
19%
Elko 14,967 Spring Creek
19%
Clark 1,069 Bunkerville
18%
Washoe 10,153 Cold Springs
18%
Washoe 4.987 Lemmon Valley
18%
Clark 22 Nelson
18%
Washoe 1,396 Verdi
18%
White Pine 41 Baker
17%
Douglas 1,343 Genoa
17%
White Pine 211 Lund
17%
Humboldt 124 McDermitt
17%
Clark 314 Mount Charleston
17%
Lincoln 785 Alamo
16%
Nye 1,064 Amargosa Valley
16%
Washoe 1,258 Mogul
16%
Douglas 202 Topaz Lake
16%
Douglas 679 Zephyr Cove
16%
White Pine 1,010 McGill
15%
Elko 1,027 Owyhee
15%
Lincoln 48 Rachel
15%
Clark 1,663 Sandy Valley
15%
Mineral 656 Schurz
15%
Clark 162 Goodsprings
14%
Lincoln 124 Hiko
14%
Douglas 5,962 Indian Hills
14%
Douglas 6,409 Johnson Lane
14%
White Pine 371 Ruth
14%
Lyon 2,022 Stagecoach
14%
Humboldt 34 Denio
13%
Washoe 130 Gerlach
13%
Pershing 210 Imlay
13%
Mineral 127 Mina
13%
Washoe 464 Nixon
13%
Humboldt 71 Paradise Valley
13%
White Pine 76 Preston
13%
Esmerelda 121 Silver Peak
13%
Washoe 47 Empire
12%
Douglas 684 Fish Springs
12%
Washoe 1,580 Golden Valley
12%
Elko 4 Oasis
12%
Lincoln 870 Panaca
12%
Lyon 1,710 Smith Valley
12%
Washoe 337 Crystal Bay
11%
Esmerelda 232 Dyer
11%
Douglas 1,558 East Valley
11%
Pershing 249 Humboldt River Ranch
11%
Elko 66 Montello
11%
Elko 668 Osino
11%
Washoe 991 Wadsworth
11%
Mineral 247 Walker Lake
11%
Humboldt 182 Golconda
10%
Humboldt 991 Grass Valley
10%
Douglas 2,313 Kingsbury
10%
Elko 130 Lamoille
10%
Douglas 1,630 Topaz Ranch Estates
10%
Humboldt 26 Valmy
10%
Washoe 3,074 Washoe Valley
10%
Lincoln 40 Beaverdam
9%
Lincoln 158 Bennett Springs
9%
Douglas 585 Carter Springs
9%
Eureka 512 Crescent Valley
9%
Mineral 186 Gabbs
9%
Douglas 315 Glenbrook
9%
Douglas 409 Lakeridge
9%
Douglas 1,239 Ruhenstroth
9%
Douglas 328 Skyland
9%
Douglas 180 Double Spring
8%
Elko 14 Mountain City
8%
Douglas 898 Round Hill Village
8%
Washoe 282 Sutcliffe
8%
Humboldt 117 Orovada
7%
Pershing 27 Unionville
7%
Lincoln 49 Dry Valley
6%
Humboldt 267 Fort McDermitt
6%
Lander 194 Kingston
6%
Douglas 40 Logan Creek
6%
Lincoln 26 Mount Wilson
6%
Lincoln 62 Ursine
6%
Washoe 9,462 Incline Valley
0%
No matching quizzes found
Score Distribution
Percent of People with Each Score
Percentile by Number Answered
Your Score History
You have not taken this quiz